Racionalizácia ohýbania potrubných vetiev v SLKB : Diplomová práca
Uložené v:
| Hlavný autor: | |
|---|---|
| Ďalší autori: | |
| Médium: | Rukopis Kniha |
| Jazyk: | Slovak |
| Vydavateľské údaje: |
Trnava :
STU v Bratislave MtF KTZS,
2006
|
| Predmet: | |
| Tagy: |
Žiadne tagy, Buďte prvý, kto otaguje tento záznam!
|
MARC
| LEADER | 00000ntm a22000003a 4500 | ||
|---|---|---|---|
| 001 | stu119858 | ||
| 005 | 20160719155432.1 | ||
| 008 | 060602s2006----xo------------------slo-d | ||
| 040 | |a STU |b slo | ||
| 041 | 0 | |a slo | |
| 044 | |a xo | ||
| 100 | 1 | |a Pecháček, František, |d 1950- |4 csl |u M2000 |U MTF Materiálovotechnologická fakulta |T MTF Ústav výrobných systémov a aplikovanej mechaniky |X 218 |U M2000 |Y 82 |7 A000000218 | |
| 245 | 1 | |a Racionalizácia ohýbania potrubných vetiev v SLKB : |b Diplomová práca | |
| 260 | |a Trnava : |b STU v Bratislave MtF KTZS, |c 2006 | ||
| 300 | |a 81 s |c príl., 1 CD | ||
| 650 | 7 | |a technologické zariadenia a systémy |2 stusub | |
| 650 | 7 | |a ohýbanie |2 stusub | |
| 700 | 1 | |a Gráfel, Ladislav |4 aut | |
| 700 | 1 | |a Labancz, Ján |4 xxx | |
| 996 | |b 284M073269 |c M*DP-5926 |l MMSKP |s P |a 0 |w stu119858_0001 | ||